Clubs ayant fait le triplé Ligue des champions - Championnat - Coupe - Statistiques

Statistiques générales
  • Ce quiz a été pris 755 fois
    161 depuis la dernière actualisation
  • Le résultat moyen est 11 sur 14
Statistiques - réponses
Club % Correct
FC Barcelone
100%
Paris Saint-Germain
100%
Ajax Amsterdam
99%
Bayern Munich
99%
Inter Milan
99%
Manchester City
99%
Manchester United
98%
Olympique lyonnais
97%
Celtic FC
93%
PSV Eindhoven
87%
Arsenal LFC
63%
VfL Wolfsburg
57%
FFC Francfort
23%
Umeå IK
5%
Aucun quiz correspondant
Distribution des résultats
% des personnes avec chaque résultat
Percentile par nombre de réponses
Votre historique - résultats
Vous n’avez pas pris ce quiz depuis la dernière actualisation